000
00294nam a2200097Ia 4500
001
662419
005
20250826160153.0
008
250824s9999 xx 000 0 und d
245
0
_a
Elinizin Altındaki Gerçekler Buluşlar ve Teknoloji Mimari Yapılar
_c
Lindsey Lowe
260
_b
TÜBİTAK YAYINLARI
999
_c
662419
_d
662419